[Event "Campeonato de Aragon por Equipos 2026 - "]
[Site "?"]
[Date "2026.01.24"]
[Round "1.45"]
[White "Ferreruela Romero, Jose Joaquin"]
[Black "Hernando Garcia, Antonio"]
[Result "1-0"]
[WhiteElo "2010"]
[BlackElo "2056"]
[PlyCount "59"]
[GameId "2271383483435984"]
[EventDate "2026.01.24"]
[WhiteTeam "San Jose"]
[BlackTeam "El Olivar B"]

1. e4 d5 2. exd5 Qxd5 3. Nc3 Qd8 4. d4 c6 5. Bc4 Nf6 6. Nf3 Bf5 7. Ne5 e6 8. g4 Be4 9. Nxe4 Nxe4 10. Qe2 Nd6 11. Bd3 Nd7 12. Bd2 Qb6 13. O-O-O Nxe5 14. dxe5 Nb5 15. Be3 Bc5 16. Bxc5 Qxc5 17. Be4 Qb6 18. c3 O-O 19. Rd3 Rfd8 20. Rh3 g6 21. Qf3 Qc5 22. Rxh7 Rf8 23. Qh3 Qxe5 24. Qh6 g5 25. Bc2 Rfd8 26. h4 Rd5 27. hxg5 Qxg5+ 28. Qxg5+ Rxg5 29. Rh8+ Kg7 30. Rxa8 1-0

[Event "Campeonato de Aragon por Equipos 2026 - "]
[Site "?"]
[Date "2026.01.24"]
[Round "1.46"]
[White "Bailo Remacha, Santiago"]
[Black "Gutierrez Mingueza, Ruben"]
[Result "0-1"]
[WhiteElo "1928"]
[BlackElo "2005"]
[PlyCount "46"]
[GameId "2271383483435985"]
[EventDate "2026.01.24"]
[WhiteTeam "El Olivar B"]
[BlackTeam "San Jose"]

1. c4 c5 2. b3 Nc6 3. Bb2 e5 4. g3 g6 5. f4 Bg7 6. Bg2 d6 7. Nf3 Nge7 8. O-O O-O 9. fxe5 dxe5 10. Nc3 e4 11. Ng5 f5 12. h4 Qd6 13. Ncxe4 fxe4 14. Bxg7 Kxg7 15. Rxf8 Kxf8 16. Qf1+ Ke8 17. Qf7+ Kd8 18. Qf8+ Kc7 19. Nf7 Qd4+ 20. Kh2 Qxa1 21. Bxe4 Bf5 22. Qxa8 Bxe4 23. g4 Qf1 0-1

[Event "Campeonato de Aragon por Equipos 2026 -"]
[Site "?"]
[Date "2026.01.24"]
[Round "1.47"]
[White "Baldellou Vicente, Roberto"]
[Black "Arinez Bruna, Octavio"]
[Result "0-1"]
[WhiteElo "1893"]
[BlackElo "1924"]
[PlyCount "74"]
[GameId "2271383483435986"]
[EventDate "2026.01.24"]
[WhiteTeam "San Jose"]
[BlackTeam "El Olivar B"]

1. e4 c5 2. Nf3 d6 3. c3 Nf6 4. Bb5+ Bd7 5. Qe2 Bxb5 6. Qxb5+ Qd7 7. Qe2 Nc6 8. d4 cxd4 9. cxd4 d5 10. e5 Ne4 11. Nbd2 Nxd2 12. Bxd2 e6 13. O-O Be7 14. Qd3 O-O 15. a3 a6 16. Ne1 Rac8 17. Nc2 Qc7 18. Rac1 b5 19. h3 Qb6 20. Kh2 a5 21. b3 Rc7 22. f4 Rfc8 23. g4 b4 24. a4 f6 25. f5 fxe5 26. fxe6 Nxd4 27. Nxd4 Rxc1 28. Nf5 Bd6 29. Qxd5 Rxf1 30. e7+ Kh8 31. Be3 Rc2+ 32. Kg3 Rg1+ 33. Kh4 Bxe7+ 34. Nxe7 Qf6+ 35. Bg5 Qf2+ 36. Kh5 g6+ 37. Kh6 Qf8# 0-1

[Event "Campeonato de Aragon por Equipos 2026 -"]
[Site "?"]
[Date "2026.01.24"]
[Round "1.48"]
[White "Sisas Mainar, Izan"]
[Black "Obon Zuniga, Francisco"]
[Result "1-0"]
[WhiteElo "1866"]
[BlackElo "1832"]
[PlyCount "39"]
[GameId "2271383483497427"]
[EventDate "2026.01.24"]
[WhiteTeam "El Olivar B"]
[BlackTeam "San Jose"]

1. d4 e6 2. c4 f5 3. g3 Nf6 4. Bg2 Be7 5. Nh3 O-O 6. Nf4 c6 7. Nd2 d6 8. Nf3 Ne4 9. h4 a5 10. a3 Na6 11. Nh3 Qe8 12. Nhg5 Bf6 13. Nxe4 fxe4 14. Ng5 d5 15. O-O e5 16. dxe5 Qxe5 17. cxd5 Rd8 18. Nxe4 Be7 19. d6 Bxd6 20. Bf4 1-0

[Event "Campeonato de Aragon por Equipos 2026 - "]
[Site "?"]
[Date "2026.01.24"]
[Round "1.49"]
[White "Lacamara Pasamar, Miguel"]
[Black "Jaime Galeano, Alcher"]
[Result "1-0"]
[WhiteElo "2070"]
[BlackElo "2081"]
[PlyCount "109"]
[GameId "2271383483497428"]
[EventDate "2026.01.24"]
[WhiteTeam "Helios B"]
[BlackTeam "MyInvestor Casablanca C"]

1. e4 e5 2. Nf3 Nc6 3. d4 exd4 4. Nxd4 Qf6 5. Nb5 Bc5 6. Qe2 Bb6 7. N1c3 Nge7 8. Be3 Ba5 9. O-O-O a6 10. Nd4 Bxc3 11. bxc3 d6 12. Qd2 Qe5 13. Bd3 Qa5 14. Kb1 Qa4 15. f4 Na5 16. Nb3 Be6 17. f5 Bc4 18. Qe2 Nec6 19. Bd4 f6 20. Qh5+ Bf7 21. Qg4 O-O-O 22. Qxg7 Bc4 23. Qxf6 Rhf8 24. Qh6 Bxd3 25. Qe6+ Kb8 26. cxd3 Rde8 27. Qd5 b6 28. Nxa5 Nxa5 29. Rd2 Qd7 30. Rb2 Nc6 31. Rf1 Ka7 32. Rff2 Nxd4 33. Qxd4 c5 34. Qc4 Re5 35. g4 b5 36. Qb3 d5 37. Rbd2 Rb8 38. exd5 Rxd5 39. Rfe2 Rxd3 40. Rxd3 Qxd3+ 41. Qc2 Qf3 42. Rf2 Qxg4 43. f6 b4 44. c4 Re8 45. Qd2 Qe4+ 46. Kb2 Qe5+ 47. Kb1 Rg8 48. f7 Rg1+ 49. Kc2 b3+ 50. axb3 Qe4+ 51. Qd3 Rc1+ 52. Kxc1 Qe1+ 53. Qd1 Qxf2 54. Qd7+ Kb6 55. Qd8+ 1-0

[Event "Campeonato de Aragon por Equipos 2026 - "]
[Site "?"]
[Date "2026.01.24"]
[Round "1.50"]
[White "Miranda Herrera, Belen"]
[Black "Munoz Munoz, Juan Carlos"]
[Result "1/2-1/2"]
[WhiteElo "2039"]
[BlackElo "1936"]
[PlyCount "171"]
[GameId "2271383483497429"]
[EventDate "2026.01.24"]
[WhiteTeam "MyInvestor Casablanca C"]
[BlackTeam "Helios B"]

1. e4 c5 2. Nf3 Nc6 3. d4 cxd4 4. Nxd4 g6 5. c4 Bg7 6. Be3 Nf6 7. Nc3 Ng4 8. Qxg4 Nxd4 9. Qd1 Ne6 10. Rc1 O-O 11. Be2 d6 12. Qd2 Bd7 13. h4 Nc5 14. Bd4 Bxd4 15. Qxd4 Ne6 16. Qd2 Qa5 17. Qh6 Qe5 18. Nd5 Nd4 19. h5 Qxe4 20. Nf4 Nf5 21. Qg5 h6 22. Qg4 g5 23. Nd5 Qxg4 24. Bxg4 Rae8 25. Kd2 Kg7 26. Rhe1 e6 27. Bxf5 exf5 28. Rxe8 Rxe8 29. f3 Bc6 30. Rc3 Bxd5 31. cxd5 Re5 32. Rd3 Kf6 33. g3 Re7 34. Rc3 f4 35. g4 Ke5 36. Rc8 Kxd5 37. Rh8 Re6 38. Rh7 Rf6 39. Kd3 Ke5 40. a3 d5 41. Rh8 Rb6 42. Kc3 f5 43. gxf5 Kxf5 44. Rf8+ Ke5 45. Re8+ Re6 46. Rb8 b6 47. Rd8 g4 48. fxg4 f3 49. Kd2 Kf4 50. Rxd5 Kg3 51. g5 hxg5 52. Rxg5+ Kf4 53. Rg6 Re2+ 54. Kd3 Rxb2 55. Rf6+ Kg3 56. Rg6+ Kf2 57. h6 Kf1 58. Rf6 f2 59. Kc3 Ra2 60. Kb3 Re2 61. h7 Re3+ 62. Kb4 Rh3 63. Rf7 a6 64. Kc4 Kg2 65. Rg7+ Kf3 66. Rf7+ Kg2 67. Rg7+ Kf3 68. Rf7+ Ke3 69. Re7+ Kd2 70. Rf7 Ke2 71. Re7+ Kd2 72. Rf7 Rh4+ 73. Kb3 Ke2 74. Re7+ Kd3 75. Rf7 Rxh7 76. Rxf2 Rh4 77. Kb2 Rh5 78. Kb3 Kd4 79. Rf4+ Kc5 80. Rc4+ Kd6 81. Rg4 Rh6 82. Kc4 Kc6 83. a4 b5+ 84. axb5+ axb5+ 85. Kb4 Kb6 86. Rf4 1/2-1/2

[Event "Campeonato de Aragon por Equipos 2026 - "]
[Site "?"]
[Date "2026.01.24"]
[Round "1.51"]
[White "Carraminana Lopez, Luis Antonio"]
[Black "Felipo Martinez, Marcos"]
[Result "0-1"]
[WhiteElo "1913"]
[BlackElo "2008"]
[PlyCount "54"]
[GameId "2271383483497430"]
[EventDate "2026.01.24"]
[WhiteTeam "Helios B"]
[BlackTeam "MyInvestor Casablanca C"]

1. e4 e5 2. Nf3 Nc6 3. Bc4 Nf6 4. d3 Bc5 5. c3 a5 6. O-O O-O 7. Re1 d6 8. h3 Be6 9. Bb5 Nd7 10. d4 exd4 11. cxd4 Bb4 12. Nc3 Bxc3 13. bxc3 d5 14. Ng5 h6 15. Nxe6 fxe6 16. Qg4 Qf6 17. Ba3 Rf7 18. Re2 Nf8 19. exd5 exd5 20. Rae1 g6 21. c4 Nxd4 22. Bb2 Nxe2+ 23. Rxe2 Qf4 24. cxd5 Qxg4 25. hxg4 Nd7 26. Re6 Nc5 27. Rxg6+ Kh7 0-1

[Event "Campeonato de Aragon por Equipos 2026 -"]
[Site "?"]
[Date "2026.01.24"]
[Round "1.52"]
[White "Antonano Fernandez-Quincoces, Avelino"]
[Black "Anson Casaos, Alejandro"]
[Result "1-0"]
[WhiteElo "1998"]
[BlackElo "1874"]
[PlyCount "165"]
[GameId "2271383483497431"]
[EventDate "2026.01.24"]
[WhiteTeam "MyInvestor Casablanca C"]
[BlackTeam "Helios B"]

{[%evp 0,99,20,30,26,31,26,15,113,0,0,27,14,12,15,25,22,22,0,20,13,19,16,14,32,35,29,38,33,41,37,61,76,82,103,66,103,118,141,104,72,141,88,84,48,61,54,59,0,59,65,76,106,45,192,204,79,95,128,49,64,79,26,74,139,83,-57,55,-65,67,-63,57,99,98,118,9,143,36,223,133,530,341,204,361,460,257,368,323,554,185,240,346,79,319,75,37,-1,28,20,22,64,36]} 1. e4 c6 2. d4 d5 3. exd5 cxd5 4. c4 Nf6 5. Nc3 e6 6. Nf3 Bb4 7. cxd5 Nxd5 8. Bd2 O-O 9. Bd3 Nf6 10. O-O Nc6 11. a3 Be7 12. Bf4 a6 13. Bc2 Re8 14. Qd3 g6 15. Rad1 Nh5 16. Be3 Bf8 17. Bb3 Na5 18. Ba2 b5 19. Bg5 Be7 20. Bxe7 Qxe7 21. b4 Nc4 22. Bxc4 bxc4 23. Qxc4 Bb7 24. d5 Rac8 25. Qd4 e5 26. Qd2 f5 27. d6 Qd7 28. Ng5 Rcd8 29. Rfe1 Kg7 30. f3 Nf6 31. Nh3 Re6 32. Nf2 Qc6 33. Qe3 Rdxd6 34. Rxd6 Qxd6 35. Nd3 Re7 36. Nc5 Ba8 37. Rd1 Qc6 38. a4 f4 39. Qd3 Ng4 40. Qxa6 Qxa6 41. Nxa6 Ne3 42. Rd8 Bb7 43. Nc5 Bc6 44. Rd6 Be8 45. Nd5 Ra7 46. Nxe3 fxe3 47. b5 Bxb5 48. Re6 Bxa4 49. Rxe5 Bc6 50. Rxe3 Ra1+ 51. Kf2 Ra2+ 52. Kg3 Ra7 53. Ne6+ Kf6 54. Nc5 Bd5 55. h4 Bf7 56. Kf4 Rc7 57. Ne4+ Kg7 58. g4 Ra7 59. Rc3 Ba2 60. Rc5 Rf7+ 61. Kg3 Ra7 62. g5 Be6 63. Nf6 Bf5 64. Rc4 Bd3 65. Rd4 Bc2 66. Kf4 Re7 67. Rd8 h5 68. Rd7 Rxd7 69. Nxd7 Kf7 70. Ke5 Ke7 71. Nf6 Bb1 72. Nd5+ Kf7 73. f4 Bc2 74. Ne3 Bd3 75. f5 gxf5 76. Nxf5 Bc2 77. Nd6+ Kg6 78. Ke6 Bb3+ 79. Ke7 Bd5 80. Ne8 Bb3 81. Nc7 Kf5 82. Nb5 Kg4 83. g6 1-0

[Event "Campeonato de Aragon por Equipos 2026 - "]
[Site "?"]
[Date "2026.01.24"]
[Round "1.53"]
[White "Muro Guerrero, Miguel"]
[Black "Fuertes Garay, Javier"]
[Result "1-0"]
[WhiteElo "2109"]
[BlackElo "1993"]
[PlyCount "81"]
[GameId "2271383483497432"]
[EventDate "2026.01.24"]
[WhiteTeam "Dr. Azua"]
[BlackTeam "ONCE C A Aragon Delicias B"]

1. e4 e5 2. Nf3 Nc6 3. d4 exd4 4. Nxd4 Bc5 5. Be3 Qf6 6. c3 Nge7 7. Bc4 Ne5 8. Be2 O-O 9. O-O d6 10. b4 Bb6 11. f4 N5c6 12. b5 Nxd4 13. cxd4 d5 14. e5 Qg6 15. Nc3 Bf5 16. Bh5 Qh6 17. Bf3 Rad8 18. g4 Qg6 19. Kh1 Bc2 20. Qd2 Qd3 21. Rad1 Qxd2 22. Rxd2 Be4 23. Nxe4 dxe4 24. Bxe4 Nd5 25. Bg1 Rd7 26. f5 Rfd8 27. Rc1 a6 28. bxa6 bxa6 29. Bf2 Ba5 30. Rb2 Bb6 31. a4 Nf4 32. Rc4 h5 33. Bc6 Bxd4 34. Rd2 Rb8 35. Rd1 Bxf2 36. Bxd7 Be3 37. e6 fxe6 38. fxe6 Nh3 39. Rf1 Bg5 40. gxh5 Rb2 41. e7 1-0

[Event "Campeonato de Aragon por Equipos 2026 - "]
[Site "?"]
[Date "2026.01.24"]
[Round "1.54"]
[White "Ferrer Echavarri, Francisco Javier"]
[Black "Garcia Garcia, Enrique"]
[Result "0-1"]
[WhiteElo "1907"]
[BlackElo "1886"]
[PlyCount "66"]
[GameId "2271383483497433"]
[EventDate "2026.01.24"]
[WhiteTeam "ONCE C A Aragon Delicias B"]
[BlackTeam "Dr. Azua"]

1. Nf3 d5 2. b3 c5 3. e3 a6 4. Bb2 Nc6 5. Be2 f6 6. d4 b5 7. O-O Bg4 8. c4 bxc4 9. bxc4 Qb6 10. Ba3 e6 11. cxd5 cxd4 12. dxc6 Bxa3 13. Nxa3 dxe3 14. Qd7+ Kf8 15. Rab1 exf2+ 16. Kh1 Qd8 17. Qxd8+ Rxd8 18. c7 Rc8 19. Rb8 Ne7 20. Rd1 Kf7 21. Rd8 Rxc7 22. Nc4 Rxd8 23. Rxd8 Nf5 24. Rd3 Rxc4 25. Rd7+ Ke8 26. Bxc4 Kxd7 27. Nd2 a5 28. Nf1 Nd6 29. Bd3 Bf5 30. Be2 Be4 31. Nd2 Bd5 32. Nb3 Bxb3 33. axb3 Nf5 0-1

[Event "Campeonato de Aragon por Equipos 2026 - "]
[Site "?"]
[Date "2026.01.24"]
[Round "1.55"]
[White "Cajo Esteban, Ruben"]
[Black "Martinez Blanco, Ruben"]
[Result "0-1"]
[WhiteElo "1829"]
[BlackElo "1856"]
[PlyCount "42"]
[GameId "2271383483497434"]
[EventDate "2026.01.24"]
[WhiteTeam "Dr. Azua"]
[BlackTeam "ONCE C A Aragon Delicias B"]

1. d4 Nf6 2. c4 g6 3. Nc3 Bg7 4. e4 d6 5. Nf3 O-O 6. h3 e5 7. d5 Nh5 8. g4 Nf4 9. Bxf4 exf4 10. Qd2 Na6 11. Be2 Nc5 12. Qxf4 Qe8 13. Qe3 Bxc3+ 14. bxc3 Qxe4 15. Qxe4 Nxe4 16. Rc1 b6 17. Nd4 Ba6 18. Rg1 Rfe8 19. f3 Ng5 20. Nb5 Bxb5 21. cxb5 Nxf3+ 0-1

[Event "Campeonato de Aragon por Equipos 2026 - "]
[Site "?"]
[Date "2026.01.24"]
[Round "1.56"]
[White "Garicano Jaen, Pablo"]
[Black "Casas Castillero, Jose Antonio"]
[Result "1-0"]
[WhiteElo "1782"]
[BlackElo "1794"]
[PlyCount "90"]
[GameId "2271383483497435"]
[EventDate "2026.01.24"]
[WhiteTeam "ONCE C A Aragon Delicias B"]
[BlackTeam "Dr. Azua"]

1. e4 d5 2. exd5 Qxd5 3. Nc3 Qa5 4. d4 e6 5. Nf3 Nf6 6. Bd3 c5 7. Bd2 Nc6 8. d5 exd5 9. Nxd5 Qd8 10. Qe2+ Be6 11. Nf4 Qe7 12. Nxe6 Qxe6 13. Qxe6+ fxe6 14. O-O Bd6 15. Rfe1 Kd7 16. Ng5 Rae8 17. Nf7 Rhf8 18. Nxd6 Kxd6 19. Bb5 a6 20. Bf4+ Ke7 21. Bc4 e5 22. Bxe5 Nxe5 23. Rxe5+ Kd6 24. Rxe8 Rxe8 25. Bd3 h6 26. b3 Re7 27. f3 Kc7 28. Kf2 Nd5 29. Re1 Rxe1 30. Kxe1 b5 31. a4 Kb6 32. axb5 axb5 33. g4 Nf4 34. h4 Ka5 35. Be4 c4 36. bxc4 bxc4 37. Kf2 Kb4 38. g5 hxg5 39. hxg5 Nh3+ 40. Ke3 Nxg5 41. Kd4 Nxe4 42. fxe4 g5 43. e5 g4 44. e6 g3 45. Ke3 Kc5 1-0

[Event "Campeonato de Aragon por Equipos 2026 - "]
[Site "?"]
[Date "2026.01.24"]
[Round "1.57"]
[White "Gomez Salinas, Nestor"]
[Black "Jimenez Fernandez, Alejandro"]
[Result "1/2-1/2"]
[WhiteElo "1940"]
[BlackElo "1965"]
[PlyCount "96"]
[GameId "2271383483562972"]
[EventDate "2026.01.24"]
[WhiteTeam "Palacio De Pioneros B"]
[BlackTeam "Iberajedrez Mundo 64 B"]

1. e4 c6 2. Nc3 d5 3. Nf3 Bg4 4. exd5 cxd5 5. d4 e6 6. Bf4 Bd6 7. Bxd6 Qxd6 8. Qd3 Nf6 9. Nb5 Qe7 10. Ne5 a6 11. Nxg4 Nxg4 12. Be2 Nxf2 13. Kxf2 axb5 14. Qxb5+ Nc6 15. c3 Qf6+ 16. Bf3 O-O 17. Rhd1 Ne7 18. Kg1 Nf5 19. Rf1 Qg5 20. Qd3 Ra5 21. Rf2 Rfa8 22. b4 Ra3 23. Bxd5 Rc8 24. Bb3 Ne3 25. Qd2 h6 26. Re1 Nd5 27. Qb2 Ra6 28. Re5 Qg4 29. Bxd5 exd5 30. Rxd5 Qd1+ 31. Rf1 Qd3 32. Rc5 Re8 33. Rcf5 Re2 34. Qb3 Raxa2 35. Qxf7+ Kh7 36. R5f2 Qe3 37. Qf5+ Kh8 38. g3 Qxc3 39. Rxe2 Rxe2 40. Qf8+ Kh7 41. Qf5+ Kh8 42. Qg4 Qe3+ 43. Kh1 Re1 44. Qc8+ Kh7 45. Qf5+ Kh8 46. Qf8+ Kh7 47. Qf5+ Kh8 48. Qc8+ Kh7 1/2-1/2

[Event "Campeonato de Aragon por Equipos 2026 - "]
[Site "?"]
[Date "2026.01.24"]
[Round "1.58"]
[White "Sanchez Castro, Roberto"]
[Black "Caballero Ortin, Jorge"]
[Result "0-1"]
[WhiteElo "1953"]
[BlackElo "1908"]
[PlyCount "172"]
[GameId "2271383483562973"]
[EventDate "2026.01.24"]
[WhiteTeam "Iberajedrez Mundo 64 B"]
[BlackTeam "Palacio De Pioneros B"]

1. e4 c6 2. d4 d5 3. exd5 cxd5 4. Bd3 Nc6 5. c3 Qc7 6. Nf3 Bg4 7. O-O e6 8. Nbd2 Bd6 9. Qe1 Nge7 10. a3 O-O 11. h3 Bf5 12. Qe2 Bxd3 13. Qxd3 h6 14. Re1 a5 15. Nf1 Ng6 16. g3 a4 17. Be3 Na5 18. Rad1 Nc4 19. Bc1 Rae8 20. Kg2 Ne7 21. Re2 Nc6 22. Rde1 N6a5 23. Ne3 b5 24. Ng4 h5 25. Ng5 g6 26. Nf6+ Kg7 27. Nxe8+ Rxe8 28. h4 Nb3 29. Nh3 Nxc1 30. Rxc1 Nxb2 31. Rxb2 Bxa3 32. Qb1 Bxb2 33. Qxb2 Qc4 34. Nf4 Rc8 35. Ne2 a3 36. Qd2 Ra8 37. Ra1 Ra4 38. Nc1 b4 39. cxb4 Rxb4 40. Rxa3 Qxd4 41. Qxd4+ Rxd4 42. Rd3 Rc4 43. Ne2 Rc7 44. f4 Ra7 45. Nd4 Rb7 46. Nf3 Rb2+ 47. Kh3 Rb7 48. Ra3 Rc7 49. Ne5 Rb7 50. Kg2 Rc7 51. Kf2 Rb7 52. Ke3 Rc7 53. Kd3 Rb7 54. Kc3 Rc7+ 55. Kb4 Kg8 56. Kb5 Kg7 57. Kb6 Re7 58. Kc5 Rc7+ 59. Kb6 Re7 60. Nc6 Rd7 61. Ra7 Rxa7 62. Kxa7 Kf6 63. Ne5 d4 64. Kb6 Kf5 65. Kc5 f6 66. Kxd4 fxe5+ 67. fxe5 Kg4 68. Kc5 g5 69. hxg5 Kxg5 70. Kc6 Kg4 71. Kd7 Kf5 72. Kd6 Kg4 73. Kxe6 Kxg3 74. Kf5 h4 75. e6 h3 76. e7 h2 77. e8=Q h1=Q 78. Qe5+ Kg2 79. Qe2+ Kg1 80. Qd1+ Kh2 81. Qd6+ Kg1 82. Qd4+ Kh2 83. Qf4+ Kg1 84. Qe3+ Kh2 85. Kg4 Qg1+ 86. Kh4 Qxe3 0-1

[Event "Campeonato de Aragon por Equipos 2026 - "]
[Site "?"]
[Date "2026.01.24"]
[Round "1.59"]
[White "Crespo Laborda, Alberto"]
[Black "Moreno Burillo, Marcos Antonio"]
[Result "1-0"]
[WhiteElo "1898"]
[BlackElo "1923"]
[PlyCount "85"]
[GameId "2271383483562974"]
[EventDate "2026.01.24"]
[WhiteTeam "Palacio De Pioneros B"]
[BlackTeam "Iberajedrez Mundo 64 B"]

1. d4 Nf6 2. c4 c5 3. Nf3 g6 4. Nc3 cxd4 5. Nxd4 Bg7 6. e4 d6 7. Be3 O-O 8. Be2 Nc6 9. g4 Qd7 10. h3 Nxd4 11. Bxd4 Qc6 12. Nd5 Qd7 13. Nxf6+ exf6 14. Bc3 Re8 15. Qd3 Qc6 16. f3 Be6 17. O-O-O Qa4 18. Kb1 b5 19. Qxd6 bxc4 20. Qb4 Qxb4 21. Bxb4 f5 22. gxf5 Rab8 23. a3 gxf5 24. Rhg1 Kh8 25. Rxg7 Kxg7 26. Rg1+ Kf6 27. Bd6 fxe4 28. fxe4 Rb5 29. Rf1+ Kg6 30. h4 h5 31. Rg1+ Kh7 32. e5 Rg8 33. Rxg8 Kxg8 34. Bxh5 c3 35. b4 Bb3 36. Bf3 f6 37. a4 Rb6 38. a5 Rb5 39. Bc6 Rxe5 40. Bxe5 fxe5 41. b5 Ba4 42. Bd5+ Kf8 43. b6 1-0

[Event "Campeonato de Aragon por Equipos 2026 - "]
[Site "?"]
[Date "2026.01.24"]
[Round "1.60"]
[White "Barranco Castillo, Jose Antonio"]
[Black "Gonzalez Romea, Edgar"]
[Result "1-0"]
[WhiteElo "1850"]
[BlackElo "1793"]
[PlyCount "69"]
[GameId "2271383483562975"]
[EventDate "2026.01.24"]
[WhiteTeam "Iberajedrez Mundo 64 B"]
[BlackTeam "Palacio De Pioneros B"]

1. c4 Nf6 2. Nc3 g6 3. g3 Bg7 4. Bg2 O-O 5. e4 d6 6. Nge2 e5 7. O-O Nc6 8. h3 Be6 9. d3 h5 10. Nd5 Qd7 11. Kh2 Bxd5 12. cxd5 Ne7 13. d4 exd4 14. Nxd4 c5 15. Nc2 b5 16. f4 Rab8 17. Ne3 Qc7 18. Bd2 Nd7 19. Bc3 Bxc3 20. bxc3 c4 21. g4 hxg4 22. Nxg4 Qc5 23. Qe1 Kg7 24. Qh4 Ng8 25. f5 Ndf6 26. Rf3 Nxg4+ 27. hxg4 Nf6 28. g5 Rh8 29. gxf6+ Kg8 30. Qxh8+ Kxh8 31. fxg6 fxg6 32. Bh3 Kg8 33. Rg1 Kf8 34. Rxg6 Rb7 35. Rh6 1-0

[Event "Campeonato de Aragon por Equipos 2026 - "]
[Site "?"]
[Date "2026.01.24"]
[Round "1.61"]
[White "Portero Garnica, Miguel Angel"]
[Black "Pallares Jover, Adrian"]
[Result "1-0"]
[WhiteElo "2012"]
[BlackElo "2076"]
[PlyCount "87"]
[GameId "2271383483591648"]
[EventDate "2026.01.24"]
[WhiteTeam "Marcos Frechin B"]
[BlackTeam "Aulazenter B"]

1. d4 Nf6 2. Nf3 d5 3. c4 c6 4. g3 dxc4 5. Bg2 b5 6. O-O e6 7. a4 Bb7 8. Qc2 Be7 9. Rd1 O-O 10. Nbd2 Na6 11. b3 Nb4 12. Qb2 cxb3 13. Nxb3 bxa4 14. Rxa4 Ba6 15. Bg5 Bb5 16. Ra5 Bc4 17. Rda1 Nbd5 18. Ne5 Bb5 19. Rxa7 Rxa7 20. Rxa7 Bb4 21. Nd7 Nc3 22. Bf3 Na4 23. Qc1 Nc3 24. Nbc5 Bxe2 25. Bxf6 gxf6 26. Qh6 Bxc5 27. dxc5 Bxf3 28. Nxf6+ Qxf6 29. Qxf6 Nb5 30. Ra4 Bh5 31. h4 Bd1 32. h5 Bxh5 33. g4 Bg6 34. f4 Bc2 35. Ra2 Bb1 36. Rh2 Ra8 37. f5 Bd3 38. Qg5+ Kf8 39. Rxh7 Ra1+ 40. Kg2 Be4+ 41. Kf2 Ra2+ 42. Ke3 Ra3+ 43. Kxe4 exf5+ 44. gxf5 1-0

[Event "Campeonato de Aragon por Equipos 2026 - "]
[Site "?"]
[Date "2026.01.24"]
[Round "1.62"]
[White "Osuna Smyshlyayev, Ivan"]
[Black "Perez Tomas, Juan Manuel"]
[Result "1/2-1/2"]
[WhiteElo "1934"]
[BlackElo "2001"]
[PlyCount "111"]
[GameId "2271383483591649"]
[EventDate "2026.01.24"]
[WhiteTeam "Aulazenter B"]
[BlackTeam "Marcos Frechin B"]

1. e4 c5 2. Nf3 d6 3. d4 cxd4 4. Nxd4 Nf6 5. Nc3 a6 6. Be2 e5 7. Nb3 Be7 8. Be3 Be6 9. Qd2 Nbd7 10. f3 Rc8 11. O-O Nb6 12. Rfd1 d5 13. exd5 Nbxd5 14. Nxd5 Nxd5 15. Bd3 Nxe3 16. Qxe3 Qc7 17. Kh1 O-O 18. Re1 Rfd8 19. Rad1 b5 20. Qxe5 Qxe5 21. Rxe5 Bf6 22. Rc5 Bxb2 23. Rxc8 Rxc8 24. Be4 g6 25. Rd6 Bc4 26. Rxa6 Rd8 27. Ra8 Rxa8 28. Bxa8 Kf8 29. Kg1 f5 30. Kf2 f4 31. Be4 b4 32. Bd3 Be6 33. Ke2 Ke7 34. Be4 Kd6 35. Kd3 Bf6 36. g3 Be5 37. g4 Bf6 38. Bb7 Bf7 39. Ke4 g5 40. Kd3 Bb2 41. Nd2 Bxa2 42. Ne4+ Kc7 43. Ba6 Bd5 44. Nxg5 h6 45. Ne4 Kd7 46. Bc4 Bc6 47. g5 hxg5 48. Nxg5 Ke7 49. Ke2 Kf6 50. Ne6 Bb5 51. Bxb5 Kxe6 52. Kd3 Bc1 53. h4 Kf6 54. Ke4 Kg6 55. Be8+ Kh6 56. Kd3 1/2-1/2

[Event "Campeonato de Aragon por Equipos 2026 - "]
[Site "?"]
[Date "2026.01.24"]
[Round "1.63"]
[White "Jario Dominguez, Diego"]
[Black "Ania Chueca, Mario"]
[Result "0-1"]
[WhiteElo "1956"]
[BlackElo "1891"]
[PlyCount "62"]
[GameId "2271383483591650"]
[EventDate "2026.01.24"]
[WhiteTeam "Marcos Frechin B"]
[BlackTeam "Aulazenter B"]

1. c4 e6 2. Nc3 f5 3. e3 Nf6 4. Nge2 b6 5. d4 Bb7 6. d5 e5 7. g3 d6 8. Bg2 Nbd7 9. Qc2 g6 10. O-O Bg7 11. a3 a5 12. Bd2 Ba6 13. Nb5 Bxb5 14. cxb5 a4 15. Bb4 Nc5 16. Nc3 Qd7 17. Bxc5 bxc5 18. Rfc1 e4 19. Bf1 Ke7 20. Rd1 Ng4 21. Nxa4 Ne5 22. Nc3 g5 23. Be2 h5 24. Kg2 h4 25. f4 exf3+ 26. Bxf3 f4 27. gxf4 Nxf3 28. Kxf3 Qh3+ 29. Ke4 gxf4 30. exf4 Rae8 31. Rd3 Kd7# 0-1

[Event "Campeonato de Aragon por Equipos 2026 - "]
[Site "?"]
[Date "2026.01.24"]
[Round "1.64"]
[White "Morales Anadon, Javier"]
[Black "Jario Garcia, Ricardo"]
[Result "0-1"]
[WhiteElo "1841"]
[BlackElo "1956"]
[PlyCount "76"]
[GameId "2271383483591651"]
[EventDate "2026.01.24"]
[WhiteTeam "Aulazenter B"]
[BlackTeam "Marcos Frechin B"]

1. e4 c5 2. Nc3 Nc6 3. f4 g6 4. Nf3 Bg7 5. Bb5 Nd4 6. O-O Nxb5 7. Nxb5 d6 8. Qe1 e6 9. e5 Bf8 10. Nxd6+ Bxd6 11. exd6 Qxd6 12. Ng5 Bd7 13. Kh1 Bc6 14. b3 h6 15. Bb2 hxg5 16. Bxh8 gxf4 17. Bb2 O-O-O 18. d3 f6 19. a3 e5 20. b4 Nh6 21. c4 Ng4 22. b5 Bxg2+ 23. Kxg2 Qxd3 24. Bc1 Qc2+ 25. Rf2 Nxf2 26. Qxf2 Qe4+ 27. Qf3 Qxc4 28. Qf1 Rd3 29. Rb1 Qd5+ 30. Kg1 Rd1 31. Bb2 Rxf1+ 32. Rxf1 Kd7 33. Rf2 Ke6 34. Bc3 Qd3 35. Be1 Qxa3 36. Kg2 g5 37. Rf3 Qb2+ 38. Bf2 e4 0-1

[Event "Campeonato de Aragon por Equipos 2026 - "]
[Site "?"]
[Date "2026.01.24"]
[Round "1.65"]
[White "Lopez Caudevilla, David"]
[Black "Correas Marcen, Jose Maria"]
[Result "1-0"]
[WhiteElo "2206"]
[BlackElo "1962"]
[PlyCount "39"]
[GameId "2271383483591652"]
[EventDate "2026.01.24"]
[WhiteTeam "Actur Rey Fernando"]
[BlackTeam "El Olivar C"]

1. e4 c6 2. d3 g6 3. h4 d5 4. Nd2 Bg7 5. h5 Be6 6. Nh3 Qd6 7. Be2 Nd7 8. Ng5 O-O-O 9. Nxe6 Qxe6 10. exd5 Qxd5 11. Nc4 Ne5 12. Ne3 Qd4 13. Bd2 Qxb2 14. Rb1 Qd4 15. Rb4 Qc5 16. Qb1 b6 17. Rhh4 Bf6 18. d4 Qd6 19. Re4 Kc7 20. Ra4 1-0

[Event "Campeonato de Aragon por Equipos 2026 - "]
[Site "?"]
[Date "2026.01.24"]
[Round "1.66"]
[White "Lavilla Castano, Julian"]
[Black "Perez Puyal, Jose Joaquin"]
[Result "1-0"]
[WhiteElo "1867"]
[BlackElo "1934"]
[PlyCount "53"]
[GameId "2271383483591653"]
[EventDate "2026.01.24"]
[WhiteTeam "El Olivar C"]
[BlackTeam "Actur Rey Fernando"]

1. d4 Nf6 2. c4 e6 3. Nc3 Bb4 4. e3 c5 5. Bd3 d5 6. Nf3 O-O 7. O-O Nc6 8. a3 Bxc3 9. bxc3 b6 10. cxd5 exd5 11. h3 Ne4 12. c4 Bf5 13. Qc2 Re8 14. Bb2 Rc8 15. Ne5 Nxe5 $4 16. dxe5 Bg6 17. Rad1 b5 18. cxd5 Qh4 19. Bxb5 Ng5 20. Qc4 Be4 21. Kh2 Qh5 22. f4 Bxg2 23. Kxg2 Qxh3+ 24. Kf2 Qh2+ 25. Ke1 Qxb2 26. Bxe8 Rxe8 27. fxg5 1-0